Hồ Chí Minh, người đại diện kiệt xuất cho đối thoại giữa hồn cốt văn hóa dân tộc với tinh hoa văn hóa nhân loại trong quá trình đi tìm đường cứu nước /

Kaydedildi:
Detaylı Bibliyografya
Yazar: Phạm Xuân Nam
Materyal Türü: Makale
Dil:Vietnamese
Konular:
Etiketler: Etiketle
Etiket eklenmemiş, İlk siz ekleyin!
Thư viện lưu trữ: Thư viện Trường Đại học Đà Lạt
LEADER 00974nam a2200277 4500
001 DLU140163809
005 ##20140908
040 # # |a DLU  |b vie 
041 # # |a vie 
044 # # |a vn 
100 # # |a Phạm Xuân Nam 
245 # # |a Hồ Chí Minh, người đại diện kiệt xuất cho đối thoại giữa hồn cốt văn hóa dân tộc với tinh hoa văn hóa nhân loại trong quá trình đi tìm đường cứu nước /  |c Phạm Xuân Nam 
653 # # |a Hồ Chí Minh, (1890-1969) 
653 # # |a Người lãnh đạo 
653 # # |a Văn hóa dân tộc 
653 # # |a Văn hóa nhân loại 
773 # # |t Tạp chí Khoa học Xã hội Việt Nam  |g Số 4(53), 2012, tr. 78-87 
920 # # |a Phòng Tạp chí -- Trung tâm Thông tin - Thư viện Trường Đại học Đà Lạt 
994 # # |a DLU 
900 # # |a True 
911 # # |a Nguyễn Thị Tưởng 
925 # # |a G 
926 # # |a A 
927 # # |a BB 
980 # # |a Thư viện Trường Đại học Đà Lạt